Hindi-telgu: Sangya padbandh (Record no. 1384761)

MARC details
000 -LEADER
fixed length control field 00508nam a2200181Ia 4500
005 - DATE AND TIME OF LATEST TRANSACTION
control field 20250508163709.0
008 - FIXED-LENGTH DATA ELEMENTS--GENERAL INFORMATION
fixed length control field 008 250505s9999 xx 000 0 hin d
037 ## - SOURCE OF ACQUISITION
Stock number Textual
040 ## - CATALOGING SOURCE
Original cataloging agency FEDL
Language of cataloging eng
Transcribing agency FEDL
041 ## - LANGUAGE CODE
Language code of text/sound track or separate title hin
Source of code hin
084 ## - COLON CLASSIFICATION NUMBER
Classification number 491.43, RED
Assigning agency FEDL
100 ## - MAIN ENTRY--PERSONAL NAME
Personal name Reddy Vijay Raghav
9 (RLIN) 504254
245 #0 - TITLE STATEMENT
Title Hindi-telgu: Sangya padbandh
260 ## - PUBLICATION, DISTRIBUTION, ETC.
Place of publication, distribution, etc. Agra, India
Name of publisher, distributor, etc. Kendriya Hindi Sansthan
Date of publication, distribution, etc. 1987
300 ## - PHYSICAL DESCRIPTION
Extent 184p.
942 ## - ADDED ENTRY ELEMENTS (KOHA)
Koha item type Textual
Classification part 491.43, RED
Holdings
Withdrawn status Lost status Damaged status Not for loan Home library Current library Date acquired Total Checkouts Full call number Barcode Date last seen Price effective from Koha item type
        Department of Education Library Department of Education Library 2025-05-08   491.43, RED EL0078287 2025-05-08 2025-05-08 Textual
Copyright @ Delhi University Library System